গার্হস্থ্য অর্থনীতি পরিভাষা / (Record no. 4609)
[ view plain ]
| 000 -LEADER | |
|---|---|
| fixed length control field | 00892nam a2200229 a 4500 |
| 001 - CONTROL NUMBER | |
| JCCL Control Number | 4606 |
| 003 - CONTROL NUMBER IDENTIFIER | |
| JCCL marc code | BD-JhCC |
| 005 - DATE AND TIME OF LATEST TRANSACTION | |
| control field | 20171211174043.0 |
| 008 - FIXED-LENGTH DATA ELEMENTS--GENERAL INFORMATION | |
| fixed length control field | 870917s1985 bg 001 0 ben |
| 035 ## - SYSTEM CONTROL NUMBER | |
| system control number | (BD-JhCC) |
| 040 ## - CATALOGING SOURCE | |
| Original cataloging agency | BD-JhCC |
| Modifying agency | BD-JhCC |
| 041 ## - LANGUAGE CODE | |
| Language code of Book | ben |
| 082 00 - DEWEY DECIMAL CLASSIFICATION NUMBER | |
| Classification number | 640.3 |
| Author mark and Year | KHA 1985 |
| 100 1# - MAIN ENTRY--PERSONAL NAME | |
| Personal name | খানম, হুসনা বানু |
| 245 10 - TITLE STATEMENT | |
| Title | গার্হস্থ্য অর্থনীতি পরিভাষা / |
| Statement of responsibility, etc | হুসনা বানু খানম,দারিয়ানুর বেগম, সৈয়দ হালিমা রহমান |
| 260 ## - PUBLICATION, DISTRIBUTION, ETC. (IMPRINT) | |
| Place of publication, distribution, etc | ঢাকা: |
| Name of publisher, distributor, etc | বাংলা একাডেমী; |
| Date of publication, distribution, etc | ১৯৮৫ |
| 300 ## - PHYSICAL DESCRIPTION | |
| Pagination | 69 p.; |
| Dimensions | 22 cm |
| 650 #0 - SUBJECT ADDED ENTRY--TOPICAL TERM | |
| Topical term or geographic name as entry element | Terminology of home economics |
| 700 1# - ADDED ENTRY--PERSONAL NAME | |
| Personal name | বেগম, দারিয়ানুর |
| 700 1# - ADDED ENTRY--PERSONAL NAME | |
| Personal name | রহমান, সৈয়দ হালিমা |
| 942 ## - ADDED ENTRY ELEMENTS (KOHA) | |
| Source of classification or shelving scheme | Dewey Decimal Classification |
| Koha item type | Books |
| Source of classification or shelving scheme | Damaged status | Not for loan | Home library | Current library | Shelving location | Date of accession | Cost, normal purchase price | Total Checkouts | Full call number | Barcode | Date last seen | Copy number | Koha item type |
|---|---|---|---|---|---|---|---|---|---|---|---|---|---|
| Dewey Decimal Classification | JCC Rouf Library | JCC Rouf Library | General Stacks | 12/11/2017 | 30.00 | 640.3 KHA 1985 | 5485 | 12/11/2017 | C-1 | Books |